00895nam a2200229 i 450000100060000000300090000600500170001500700030003200800410003510000260007624501690010225000120027126000350028330000280031850500530034665000490039970000280044870000260047685200240050299900170052695201220054396480ES-MaACL20230906181924.0t|050627s1914 fr |||| | spa d1 aMalet, Albert.97575410aCurso completo de historia para uso de la segunda enseñanza / cpor Albert Malet ; con la colaboración de Charles Maquet ; versión castellana por Miguel Ruiz. a6ª ed. aParis : bCoulommiers, c1914. a3 t. en 2 v. ; c19 cm.8 aContiene: I. El Oriente - II. Grecia - III. Roma 4aHistoria antigua-vLibros escolares.91671201 aMaquet, Charles.9762831 aRuiz, Miguel.9100623 aES-MaACLjB-6074-75 c96480d96480 00104070aATENEOMbATENEOMcSPBd2008-01-17eSCl0oB-6074-75p1100726r2023-02-23 00:00:00w2023-02-23yMONOGRAFIA